000 01015nam a2200289Ia 4500
003 OSt
005 20221005103125.0
006 a|||||r|||| 00| 0
007 ta
008 221004b |||||||| |||| 00| 0 hin d
020 _a8171980597
024 _a49047
037 _cTextual
040 _aCRL
_cCRL
_bhin
041 _2hin
_ahin
082 _aX:8, 152N4
100 _aगुप्ता, सी0 बी0
245 0 _aआधुनिक व्यावसायिक संगठन एव प्रबन्ध
246 _aĀdhunik vyāvasāyik sangaṭhan ev prabandha
260 _aउतर
_bप्रदेश मयूर पेपर बेक्स भारत
_c1994
300 _a249पृ0
_ccm.
650 _a अर्थशास्त्र
650 _a भारतीय-उद्योग
650 _aव्यावसायिक संगठन
942 _hX:8, 152N4
_cTEXL
_2cc
999 _c1009493
_d1009493